| 000 | 00463nam a2200169Ia 4500 | ||
|---|---|---|---|
| 008 | 240729s9999 xx 000 0 und d | ||
| 022 | _a1432-2277 | ||
| 245 | 0 | _aTransplant International | |
| 260 | _aSwitzerland | ||
| 260 | _bFrontiers Media S.A. | ||
| 650 | _a Internal medicine | ||
| 650 | _a Specialties of internal medicine | ||
| 650 | _aMedicine | ||
| 856 | _uhttps://doaj.org/toc/99e52c4fa4054563b4530459a27ea140 | ||
| 942 | _2ddc | ||
| 942 | _cDOAJEJ | ||
| 999 |
_c65543 _d65543 |
||
| 945 |
_a1 _bMadushi Gamage _c1 _dMadushi Gamage |
||